000 00885nam a2200241Ia 4500
001 dia_1059
003 CHAP
005 20230120101835.0
008 220117s1974 xx 000 0 und d
010 _a171607
040 _cCHAP
082 _a338.587 C66
110 _aCorporación Venezolana de Fomento Venezuela
_9149918
245 _aRecursos y Posibilidades de Inversión /
_c por la Corporación Venezolana de Fomento Venezuela
250 _aSegunda edición
260 _aVenezuela Editorial Corporación Venezolana de Fomento Venezuela
_c1974
300 _a547 p.
610 _a1.Venezuela-cond. econ./ 2.Venezuela-cond. soc./ 3.Venezuela-divisiones políticas y administrativas/ 4.Desarrollo económico-Venezuela i.t.
_9149919
901 _a338.587 C66
902 _aM
905 _a0000001974 VENX 0000000000ESP00
942 _cLIBRO
_2ddc
999 _c171607
_d171607